00536nam a2200181Ia 450000500170000000800410001702000150005808200130007310000140008624500460010026000490014630000130019565000180020865000120022694200060023895200950024499900150033920241028060145.0240331s9999 xx 000 0 und d a0380713802 bBRYa823 aBryson, B 0aNeither Here Nor There Travels in Europe  aNew YorkbHarperCollins Publishers Incc1992 a254 p ., aShort Stories aEnglish cL 001040708LaWERCLbWERCLcSSCd2024-03-31l0o 823 BRYp6744r2024-03-31w2024-03-31yL c5725d5725